• 首页
  • 本馆介绍
  • 公告通知
  • 最新文献
  • 馆藏检索
  • 电子资源
  • 读者导购
  • 参考咨询
  • 我的图书馆
  • 登录
  • 详细信息显示
  • 放入我的书架
  • 预约/预借图书
  • 作者相关作品
  • 分类相关作品
  • 丛书相关作品
  • 出版社相关作品

书目信息

  • 表格格式
  • 工作单格式
  • 卡片格式
题名:
秋收起义
    
 
作者: 中央档案馆编
分册:   资料选辑
出版信息: 北京   中共中央党校出版社  1982.03
页数: 161页
开本: 19cm
丛书名: 中共党史资料丛书
单 册:
中图分类: K263.2
科图分类:
主题词: 中国--历史
电子资源:
ISBN:
000 00687nam0 2200241 45
001 0312120893
005 20060426092952.15
010    @dCNY0.60
091    @a11230.52
100    @a20031212d1982 km y0chiy0120 ea
101 0  @achi
200 1  @AQiu Shou Qi Yi@a秋收起义@i资料选辑@f中央档案馆编@FZhong Yang Dang An Guan Bian
210    @a北京@c中共中央党校出版社@d1982.03
215    @a161页@d19cm
225    @a中共党史资料丛书
300    @a内部发行
410    @12001 @a中共党史资料丛书
517    @a资料选辑@AZi Liao Xuan Ji
606 0  @a中国@x历史
690    @aK263.2@v3
710 02 @a中央档案馆编@AZhong Yang Dang An Guan Bian
801    @aCN@bTSTC@c20060426
905    @dK263.2@e4
    
    秋收起义.资料选辑/中央档案馆编.-北京:中共中央党校出版社,1982.03
    161页;19cm.-(中共党史资料丛书)
    内部发行
    
    ISBN :CNY0.60
    
●
相关链接 在E读中查询图书 在五车中查询图书 在当当中查询图书 在豆瓣中查询图书


正题名:秋收起义     索取号:K263.2/4         预约/预借

序号 登录号 条形码 馆藏地/架位号 状态 备注
1 0091556   001659770   密集书库/ [索取号:K263.2/4] 在馆    
2 0091557   001659814   密集书库/ [索取号:K263.2/4] 在馆    
3 0091558   202287881   密集书库/ [索取号:K263.2/4] 在馆    
4 0107128   202287934   密集书库/ [索取号:K263.2/4] 在馆    
5 0107129   000352530   第二借阅区/ [索取号:K263.2/4] 在馆    
6 0107130   000352594   第二借阅区/ [索取号:K263.2/4] 在馆    
7 0107131   000352601   第二借阅区/ [索取号:K263.2/4] 在馆    
8 0107132   000352585   第二样本阅览室/ [索取号:K263.2/4] 在馆    
9 0160606   001659823   密集书库/ [索取号:K263.2/4] 在馆    
10 0160607   001659789   密集书库/ [索取号:K263.2/4] 在馆    
11 0160608   001659832   密集书库/ [索取号:K263.2/4] 在馆    
唐山师范学院图书馆 欢迎您!
大连网信软件有限公司© 版权所有